| 000 | nam a22 a 4500 | ||
|---|---|---|---|
| 999 |
_c913 _d913 |
||
| 003 | AKMAL | ||
| 005 | 20170505165255.0 | ||
| 008 | 170505s1997 my 00 may d | ||
| 020 |
_a9830461564 (kkt.): _cRM 10.00 |
||
| 040 | _aAKMAL | ||
| 082 | _a297.18 NUR | ||
| 090 |
_a297.18 _bNUR |
||
| 100 |
_aNurun Nasuha _91952 |
||
| 245 | 1 | 0 |
_a2002 impian : _brangkaian kisah-kisah bidadari / _cNurun Nasuha ; Abu Qamar Salahuddin |
| 260 |
_aKuala Lumpur : _bDarul Nu'man, _c1997 |
||
| 300 |
_axvi, 251ms. ; _c21cm |
||
| 500 | _aMengandungi ayat-ayat dari al-Quran | ||
| 504 | _aBibliografi: ms. 251 | ||
| 650 |
_aIslamic stories, Malay _91556 |
||
| 700 | 0 |
_aAbu Qamar Salahuddin _91953 |
|
| 740 | 2 | _aDua ribu dua impian: rangkaian kisah-kisah bidadari | |
| 942 |
_2ddc _cBOOK |
||